000 00513cam a22001934a 4500
005 20250605164217.0
008 250528s ||||||||||||||||||||||||d
035 _a20511
020 _a671321315
040 _aGR-AtMCL
_bgre
_dGR-AtMCL
_eAACR2
245 1 _aThe Presidents in American History / Brought Forward since 1948 by William Beard
260 _c1973
300 _a200
700 1 _aBeard Charles A.
_96501
700 1 _aJulian Messner
_96502
942 _cBK
999 _c5611
_d5611